000 002450000a22000970004500
100 1 _aCastillo, José M.
245 1 0 _aLa utopía secuestrada
300 _aVol.308, núm.305 (Noviembre, 2004), Páginas 705-712
773 0 _tConcilium
942 _cANA
999 _c61076
_d61076